[Event "Heusenstamm Schloss op"]
[Site "Heusenstamm"]
[Date "2023.11.25"]
[Round "4"]
[White "Trumpp, Lothar"]
[Black "Schellen, Sven"]
[Result "1-0"]
[WhiteElo "1885"]
[BlackElo "1785"]
[PlyCount "63"]
[EventDate "2023.11.23"]
[EventType "swiss"]
[EventRounds "7"]
[EventCountry "GER"]
[SourceTitle "CB50_2023"]
[SourceDate "2023.12.13"]
[SourceVersion "1"]
[SourceVersionDate "2023.12.13"]
[SourceQuality "1"]

1. b3 e5 2. Bb2 Nc6 3. e3 Nf6 4. Nf3 e4 5. Ne5 Nb8 6. Ng4 Nd5 7. f3 f5 8. fxe4 fxe4 9. Nf2 Nf6 10. Nxe4 Be7 11. Ng3 d5 12. Be2 0-0 13. 0-0 Bd6 14. Nf5 Bxf5 15. Rxf5 Nbd7 16. Nc3 c6 17. Qe1 Qc7 18. Qh4 Ne5 19. Raf1 Ng6 20. Qh3 Rfe8 21. Nd1 Re4 22. Bxf6 gxf6 23. Rxf6 Rf8 24. Rxf8+ Bxf8 25. Bd3 Rh4 26. Qe6+ Kg7 27. Qf6+ Kh6 28. g3 Be7 29. Qe6 Rh5 30. Rf7 Rg5 31. Qh3+ Rh5 32. Rxh7+ 1-0

[Event "Heusenstamm Schloss op"]
[Site "Heusenstamm"]
[Date "2022.11.19"]
[Round "4"]
[White "Trumpp, Lothar"]
[Black "Minor, Samuel"]
[Result "0-1"]
[WhiteElo "1915"]
[BlackElo "2210"]
[PlyCount "64"]
[EventDate "2022.11.17"]
[EventType "swiss"]
[EventRounds "7"]
[EventCountry "GER"]
[SourceTitle "CBM 212 Extra"]
[Source "ChessBase"]
[SourceDate "2023.03.31"]
[SourceVersion "1"]
[SourceVersionDate "2023.03.31"]
[SourceQuality "1"]

1. b3 d5 2. Bb2 Nf6 3. e3 Bf5 4. Nf3 e6 5. Be2 h6 6. 0-0 Nbd7 7. d3 Bd6 8. c4 0-0 9. Nbd2 c6 10. Re1 Qe7 11. Nf1 Bh7 12. Ng3 dxc4 13. bxc4 Rfd8 14. Qc2 e5 15. Red1 Nc5 16. e4 Nfd7 17. Nf1 Nb6 18. Ne3 Rd7 19. Rab1 Rad8 20. Bf1 Qe6 21. g3 f6 22. Nh4 Bf8 23. Nf3 Kh8 24. Be2 g6 25. Ne1 Bg7 26. f3 f5 27. N1g2 Qf7 28. Ba3 Ne6 29. c5 Nd4 30. Qd2 Na4 31. Ne1 Nc3 32. Nc4 Ndxe2+ 0-1

[Event "Heusenstamm Schloss op"]
[Site "Heusenstamm"]
[Date "2022.11.17"]
[Round "1"]
[White "Trumpp, Lothar"]
[Black "Player, Edmund C"]
[Result "0-1"]
[WhiteElo "1915"]
[BlackElo "2212"]
[PlyCount "52"]
[EventDate "2022.11.17"]
[EventType "swiss"]
[EventRounds "7"]
[EventCountry "GER"]
[SourceTitle "CBM 212 Extra"]
[Source "ChessBase"]
[SourceDate "2023.03.31"]
[SourceVersion "1"]
[SourceVersionDate "2023.03.31"]
[SourceQuality "1"]

1. b3 d5 2. Bb2 c5 3. e3 Nc6 4. Bb5 Bd7 5. Nf3 e6 6. 0-0 Nge7 7. Re1 Ng6 8. d4 cxd4 9. Bxc6 bxc6 10. exd4 Bd6 11. c4 0-0 12. Ba3 Bxa3 13. Nxa3 Qa5 14. Qc1 Rac8 15. c5 f6 16. Nc2 Rce8 17. h4 e5 18. b4 Qc7 19. g3 e4 20. Nh2 f5 21. Kh1 f4 22. Rg1 e3 23. Qe1 Bf5 24. Rc1 exf2 25. Qxf2 fxg3 26. Qxg3 Be4+ 0-1

[Event "Heusenstamm Sparkassen op-A 7th"]
[Site "Heusenstamm"]
[Date "2021.11.21"]
[Round "6.63"]
[White "Trumpp, Lothar"]
[Black "Kosak, Matjaz"]
[Result "0-1"]
[WhiteElo "1961"]
[BlackElo "1769"]
[PlyCount "100"]
[EventDate "2021.11.18"]
[EventType "swiss"]
[EventRounds "7"]
[EventCountry "GER"]
[SourceTitle "EXT 2023"]
[Source "ChessBase"]
[SourceDate "2022.10.05"]
[SourceVersion "1"]
[SourceVersionDate "2022.10.05"]
[SourceQuality "1"]

1. e4 e5 2. Nf3 Nc6 3. Bb5 a6 4. Ba4 Nf6 5. d3 b5 6. Bb3 Be7 7. c3 0-0 8. 0-0 d6 9. h3 Na5 10. Bc2 c5 11. d4 cxd4 12. cxd4 exd4 13. Nxd4 Qc7 14. Nc3 Re8 15. Re1 Bb7 16. Bf4 Nc4 17. Bc1 b4 18. Nd5 Nxd5 19. exd5 Qc5 20. Nf5 Bf6 21. Ne3 Nxb2 22. Bxb2 Bxb2 23. Rb1 Bd4 24. Qd3 g6 25. Rbd1 Bc3 26. Re2 a5 27. Ng4 Rxe2 28. Qxe2 Bxd5 29. Rxd5 Qxd5 30. Bb3 Qb7 31. Nh6+ Kg7 32. Nxf7 Qd7 33. Ng5 Re8 34. Ne6+ Kh8 35. Bd5 Be5 36. Qg4 Qc8 37. g3 Qc1+ 38. Kg2 Qc2 39. h4 Qf5 40. Qc4 h6 41. g4 Qf6 42. f4 Bc3 43. Qc7 Qe7 44. Qc6 Be1 45. g5 Bxh4 46. Qc2 Qf7 47. Nc7 Qxf4 48. Nxe8 Qxg5+ 49. Kf1 Qxd5 50. Qxg6 Qf3+ 0-1

[Event "Heusenstamm Sparkassen op-A 7th"]
[Site "Heusenstamm"]
[Date "2021.11.20"]
[Round "5.64"]
[White "Scholz, Michael"]
[Black "Trumpp, Lothar"]
[Result "1/2-1/2"]
[WhiteElo "1798"]
[BlackElo "1961"]
[PlyCount "109"]
[EventDate "2021.11.18"]
[EventType "swiss"]
[EventRounds "7"]
[EventCountry "GER"]
[SourceTitle "EXT 2023"]
[Source "ChessBase"]
[SourceDate "2022.10.05"]
[SourceVersion "1"]
[SourceVersionDate "2022.10.05"]
[SourceQuality "1"]

1. f4 d5 2. Nf3 c5 3. e3 g6 4. b3 Bg7 5. d4 cxd4 6. exd4 Bg4 7. Bb5+ Nc6 8. 0-0 Nf6 9. h3 Bxf3 10. Rxf3 0-0 11. Bxc6 bxc6 12. Ba3 Re8 13. Nd2 Qa5 14. Bc5 Nd7 15. b4 Qc7 16. Rb1 Nxc5 17. dxc5 a5 18. a3 e5 19. fxe5 Qxe5 20. Rf1 Qe3+ 21. Kh1 Qxa3 22. bxa5 Qxa5 23. Rb7 f5 24. Nb3 Qc3 25. Qd3 Qf6 26. c4 d4 27. Rd1 Re3 28. Qxd4 Qxd4 29. Nxd4 Rd8 30. Rxg7+ Kxg7 31. Ne6+ Rxe6 32. Rxd8 Re5 33. g4 fxg4 34. hxg4 Rxc5 35. Rd4 Kf6 36. Kh2 Ke5 37. Rd7 Rxc4 38. Kh3 Rc1 39. Kg3 c5 40. Rxh7 c4 41. Re7+ Kf6 42. Rc7 Ke5 43. Kh4 Kf4 44. Rf7+ Ke3 45. Re7+ Kd2 46. Rd7+ Kc2 47. Rd6 c3 48. Rxg6 Rd1 49. Rc6 Kd2 50. g5 c2 51. g6 c1Q 52. Rxc1 Rxc1 53. Kg5 Ke3 54. Kf6 Rf1+ 55. Ke7 1/2-1/2

[Event "Arco op 43rd"]
[Site "Arco"]
[Date "2021.10.15"]
[Round "7"]
[White "Trumpp, Lothar"]
[Black "Fiolo, Costanza"]
[Result "1/2-1/2"]
[WhiteElo "1956"]
[BlackElo "1652"]
[PlyCount "48"]
[EventDate "2021.10.09"]
[EventType "swiss"]
[EventRounds "9"]
[EventCountry "ITA"]
[SourceTitle "CBM 204 Extra"]
[Source "ChessBase"]
[SourceDate "2021.11.30"]
[SourceVersion "1"]
[SourceVersionDate "2021.11.30"]
[SourceQuality "1"]

1. e4 c5 2. Nc3 g6 3. Bc4 Bg7 4. d3 e5 5. Nf3 Ne7 6. 0-0 Nbc6 7. a3 0-0 8. Ba2 d6 9. Be3 Rb8 10. Qc1 b5 11. Bh6 Nd4 12. Nxd4 exd4 13. Ne2 Nc6 14. Qd2 a5 15. Bxg7 Kxg7 16. c3 Qb6 17. Rac1 b4 18. Bc4 dxc3 19. bxc3 b3 20. Rb1 a4 21. d4 Na5 22. Bd3 Ba6 23. c4 Nc6 24. dxc5 dxc5 1/2-1/2

[Event "Arco op 43rd"]
[Site "Arco"]
[Date "2021.10.14"]
[Round "6"]
[White "Klings, Peter"]
[Black "Trumpp, Lothar"]
[Result "1/2-1/2"]
[WhiteElo "2158"]
[BlackElo "1956"]
[PlyCount "32"]
[EventDate "2021.10.09"]
[EventType "swiss"]
[EventRounds "9"]
[EventCountry "ITA"]
[SourceTitle "CBM 204 Extra"]
[Source "ChessBase"]
[SourceDate "2021.11.30"]
[SourceVersion "1"]
[SourceVersionDate "2021.11.30"]
[SourceQuality "1"]

1. Nf3 d5 2. g3 Nf6 3. Bg2 c6 4. 0-0 Nbd7 5. d3 e5 6. c4 dxc4 7. dxc4 Be7 8. Nc3 0-0 9. Qc2 Qc7 10. h3 Re8 11. b3 Nf8 12. Bb2 Bd7 13. e3 Rad8 14. Kh2 Bc8 15. Rad1 Rxd1 16. Rxd1 Ng6 1/2-1/2

[Event "Heusenstamm Sparkassen op-A 5th"]
[Site "Heusenstamm"]
[Date "2018.11.24"]
[Round "4"]
[White "Henrich, Thomas"]
[Black "Trumpp, Lothar"]
[Result "1-0"]
[WhiteElo "2207"]
[BlackElo "2004"]
[PlyCount "71"]
[EventDate "2018.11.22"]
[EventType "swiss"]
[EventRounds "7"]
[EventCountry "GER"]
[SourceTitle "CBM 188 Extra"]
[Source "ChessBase"]
[SourceDate "2019.02.26"]
[SourceVersion "1"]
[SourceVersionDate "2019.02.26"]
[SourceQuality "1"]

1. d4 Nf6 2. c4 e6 3. Nc3 Bb4 4. Nf3 b6 5. Qb3 Qe7 6. Bf4 Bxc3+ 7. Qxc3 d6 8. e3 Nh5 9. Bg5 f6 10. Bh4 g5 11. Bg3 Bb7 12. Be2 Nd7 13. 0-0-0 0-0-0 14. d5 e5 15. Nd2 Nxg3 16. hxg3 Rdf8 17. g4 Kb8 18. Bd3 Nc5 19. Bf5 Bc8 20. b4 Bxf5 21. gxf5 Nb7 22. Rh6 a5 23. a3 axb4 24. axb4 Qg7 25. Rh5 Qf7 26. g4 b5 27. Kb2 Nd8 28. Ra1 bxc4 29. e4 c6 30. Nxc4 cxd5 31. Nb6 Kb7 32. Nc8 Kb8 33. Nb6 Kb7 34. Nxd5 Nc6 35. b5 Nb8 36. Qa5 1-0

[Event "Heusenstamm Sparkassen op-A 5th"]
[Site "Heusenstamm"]
[Date "2018.11.24"]
[Round "5"]
[White "Trumpp, Lothar"]
[Black "Altenbernd, Dirk"]
[Result "1-0"]
[WhiteElo "2004"]
[BlackElo "1842"]
[PlyCount "75"]
[EventDate "2018.11.22"]
[EventType "swiss"]
[EventRounds "7"]
[EventCountry "GER"]
[SourceTitle "CBM 188 Extra"]
[Source "ChessBase"]
[SourceDate "2019.02.26"]
[SourceVersion "1"]
[SourceVersionDate "2019.02.26"]
[SourceQuality "1"]

1. e4 g6 2. Bc4 Bg7 3. Nc3 d6 4. Nf3 e6 5. d3 Ne7 6. 0-0 0-0 7. Re1 Nd7 8. a4 a5 9. Be3 b6 10. Qd2 Bb7 11. Bh6 d5 12. Bxg7 Kxg7 13. Ba2 Nc5 14. Qf4 f6 15. e5 f5 16. Ne2 Nc6 17. Bb1 Ba6 18. Rd1 Qe7 19. c3 Nd7 20. Bc2 h6 21. h4 Kh7 22. Kh2 Qg7 23. Ned4 Nd8 24. b4 c5 25. bxc5 bxc5 26. Nb5 Rc8 27. Re1 Nc6 28. Rab1 Rg8 29. Nd6 Rb8 30. d4 c4 31. Kg1 Rxb1 32. Rxb1 Rb8 33. Nb5 Nb6 34. Kf1 Qe7 35. g4 Rf8 36. Ke2 fxg4 37. Qxg4 Qg7 38. Nc7 1-0

[Event "Hessenliga 1718"]
[Site "Hessen"]
[Date "2018.03.11"]
[Round "8.7"]
[White "Bethke, Robert"]
[Black "Trumpp, Lothar"]
[Result "1-0"]
[WhiteElo "1900"]
[BlackElo "2021"]
[PlyCount "97"]
[EventDate "2017.09.17"]
[EventType "team-tourn"]
[EventRounds "9"]
[EventCountry "GER"]
[SourceTitle "CBM 189 Extra"]
[Source "ChessBase"]
[SourceDate "2019.06.03"]
[SourceVersion "1"]
[SourceVersionDate "2019.06.03"]
[SourceQuality "1"]
[WhiteTeam "Neuberg II"]
[BlackTeam "Offenbach"]
[WhiteTeamCountry "GER"]
[BlackTeamCountry "GER"]

1. c4 e5 2. Nc3 Nc6 3. g3 g6 4. Bg2 Bg7 5. e3 d6 6. Nge2 Bf5 7. d3 Nf6 8. 0-0 Qd7 9. Re1 Bh3 10. Bh1 h5 11. b4 h4 12. b5 Nd8 13. d4 hxg3 14. Nxg3 Ng4 15. f3 Nxh2 16. Qe2 Ng4 17. fxg4 Bxg4 18. Qf2 c6 19. Ba3 f5 20. bxc6 bxc6 21. Bf3 Bxf3 22. Qxf3 Ne6 23. Nb5 e4 24. Nxe4 fxe4 25. Qxe4 0-0-0 26. Nxd6+ Kc7 27. Rab1 Rb8 28. Rxb8 Rxb8 29. Rb1 Bf8 30. Rxb8 Kxb8 31. Qe5 Bg7 32. Qg3 Ka8 33. Qxg6 Bf8 34. c5 Ng7 35. Qg2 Nh5 36. Qf3 Bxd6 37. cxd6 Ng7 38. Qf8+ Kb7 39. Qe7 Kc8 40. Qxd7+ Kxd7 41. Kf2 Ke6 42. Kf3 Ne8 43. e4 Nf6 44. Bc5 a6 45. Ke3 Ng4+ 46. Kd2 Nh6 47. Kc3 Nf7 48. Kb4 Ng5 49. e5 1-0

[Event "Hessenliga 1617"]
[Site "Hessen"]
[Date "2017.02.05"]
[Round "6.7"]
[White "Trumpp, Lothar"]
[Black "Branowski, Mieczyslaw Wiliam"]
[Result "1-0"]
[WhiteElo "2045"]
[BlackElo "2129"]
[PlyCount "95"]
[EventDate "2016.09.18"]
[EventType "team-tourn"]
[EventRounds "9"]
[EventCountry "GER"]
[SourceTitle "EXT 2018"]
[Source "ChessBase"]
[SourceDate "2017.10.13"]
[SourceVersion "1"]
[SourceVersionDate "2017.10.13"]
[SourceQuality "1"]
[WhiteTeam "Offenbach"]
[BlackTeam "Niederbrechen"]
[WhiteTeamCountry "GER"]
[BlackTeamCountry "GER"]

1. e4 c5 2. Nf3 d6 3. c3 e6 4. Bb5+ Nd7 5. a4 a6 6. Bc4 Ngf6 7. Qe2 Be7 8. d3 0-0 9. 0-0 Qc7 10. Bf4 Ne5 11. Nxe5 dxe5 12. Bg3 Bd7 13. f4 exf4 14. Bxf4 e5 15. Bg5 Bg4 16. Qe3 Bh5 17. Bxf6 Bxf6 18. g4 Bg6 19. Nd2 Be7 20. Nf3 Qd7 21. Nxe5 Qd6 22. Qf4 Rad8 23. Nxf7 Qxf4 24. Nxd8+ Kh8 25. Rxf4 Rxf4 26. Nxb7 Rxg4+ 27. Kh1 Rf4 28. Kg2 Rg4+ 29. Kh1 Rf4 30. Bxa6 Bh5 31. Kg2 Rg4+ 32. Kh1 Rf4 33. h3 Rf2 34. Kg1 Rxb2 35. Rf1 g6 36. Nd8 Be2 37. Rf7 Bh4 38. Ne6 h5 39. Nf4 Bg5 40. Nxg6+ Kg8 41. Bc4 Be3+ 42. Kh1 Rb1+ 43. Kh2 Bxd3 44. Ne7+ Kh8 45. Bxd3 Rb2+ 46. Kg3 Bd2 47. Kh4 Bxc3 48. e5 1-0

[Event "Heusenstamm Sparkassen op-A 3rd"]
[Site "Heusenstamm"]
[Date "2016.11.27"]
[Round "6"]
[White "Trumpp, Lothar"]
[Black "Sauer, Bernd"]
[Result "1-0"]
[WhiteElo "2020"]
[BlackElo "1834"]
[PlyCount "77"]
[EventDate "2016.11.24"]
[EventType "swiss"]
[EventRounds "7"]
[EventCountry "GER"]
[SourceTitle "EXT 2018"]
[Source "ChessBase"]
[SourceDate "2017.10.13"]
[SourceVersion "1"]
[SourceVersionDate "2017.10.13"]
[SourceQuality "1"]

1. Nc3 d5 2. e4 dxe4 3. Nxe4 Bf5 4. Ng3 Bg6 5. Nf3 Nd7 6. Nh4 Ngf6 7. Nxg6 hxg6 8. d4 c6 9. Bd3 Qc7 10. 0-0 e6 11. h3 Bd6 12. Ne4 Nxe4 13. Bxe4 Nf6 14. Bf3 0-0-0 15. Be3 Nd5 16. Bxd5 Bh2+ 17. Kh1 Rxd5 18. f4 Bg3 19. c4 Rdh5 20. d5 g5 21. dxe6 fxe6 22. fxg5 Rxh3+ 23. gxh3 Rxh3+ 24. Kg2 Bf2 25. Rxf2 Qg3+ 26. Kf1 Rh1+ 27. Ke2 Qg4+ 28. Rf3 Qxc4+ 29. Qd3 Qxd3+ 30. Kxd3 Rxa1 31. Rf8+ Kd7 32. Rf7+ Kd6 33. Rxg7 Rxa2 34. Rxb7 Ra4 35. b4 a5 36. g6 axb4 37. g7 Ra8 38. Rf7 Rg8 39. Bh6 1-0

[Event "Wiesbaden op 28th"]
[Site "Wiesbaden"]
[Date "2016.08.26"]
[Round "3"]
[White "Trumpp, Lothar"]
[Black "Meding, Olaf"]
[Result "1-0"]
[WhiteElo "2045"]
[BlackElo "1790"]
[PlyCount "51"]
[EventDate "2016.08.25"]
[EventType "swiss"]
[EventRounds "7"]
[EventCountry "GER"]
[SourceTitle "CBM 174 Extra"]
[Source "ChessBase"]
[SourceDate "2016.10.10"]
[SourceVersion "1"]
[SourceVersionDate "2016.10.10"]
[SourceQuality "1"]

1. Nc3 d5 2. e4 e6 3. Nf3 Nf6 4. e5 Nfd7 5. d3 c5 6. g3 Nc6 7. Bf4 Be7 8. h4 a6 9. a4 Rb8 10. Bh3 b5 11. axb5 axb5 12. 0-0 Nb6 13. Nxb5 h6 14. h5 Nd7 15. c4 d4 16. Re1 Bb7 17. Bg2 Nf8 18. Nd2 g5 19. hxg6 Nxg6 20. Ne4 Ncxe5 21. Bxe5 Nxe5 22. Nxc5 Bxg2 23. Rxe5 Bc6 24. Qh5 Kf8 25. Rxe6 Ba8 26. Ra7 1-0

[Event "WchT Seniors 50"]
[Site "Radebeul"]
[Date "2016.07.02"]
[Round "7.10"]
[White "Trumpp, Lothar"]
[Black "Franke, Reiner"]
[Result "1/2-1/2"]
[WhiteElo "2037"]
[BlackElo "2274"]
[PlyCount "27"]
[EventDate "2016.06.26"]
[EventType "team-swiss"]
[EventRounds "9"]
[EventCountry "GER"]
[SourceTitle "CBM 173 Extra"]
[Source "ChessBase"]
[SourceDate "2016.08.29"]
[SourceVersion "1"]
[SourceVersionDate "2016.08.29"]
[SourceQuality "1"]
[WhiteTeam "Offenbach"]
[BlackTeam "Werder Bremen"]
[WhiteTeamCountry "GER"]
[BlackTeamCountry "GER"]

1. Nc3 c5 2. Nf3 Nc6 3. e4 g6 4. d3 Bg7 5. g3 e6 6. Bg2 Nge7 7. Be3 Nd4 8. 0-0 d6 9. Qd2 e5 10. Ne2 Nxf3+ 11. Bxf3 Bh3 12. Bg2 Bxg2 13. Kxg2 0-0 14. c4 1/2-1/2

[Event "WchT Seniors 50"]
[Site "Radebeul"]
[Date "2016.06.30"]
[Round "5.3"]
[White "Trumpp, Lothar"]
[Black "Doering, Hans Ulrich"]
[Result "1/2-1/2"]
[WhiteElo "2037"]
[BlackElo "2131"]
[PlyCount "53"]
[EventDate "2016.06.26"]
[EventType "team-swiss"]
[EventRounds "9"]
[EventCountry "GER"]
[SourceTitle "CBM 173 Extra"]
[Source "ChessBase"]
[SourceDate "2016.08.29"]
[SourceVersion "1"]
[SourceVersionDate "2016.08.29"]
[SourceQuality "1"]
[WhiteTeam "Offenbach"]
[BlackTeam "Eiche Reichenbrand"]
[WhiteTeamCountry "GER"]
[BlackTeamCountry "GER"]

1. e4 c5 2. Nc3 e6 3. g3 Nc6 4. Bg2 g6 5. d3 Bg7 6. Nf3 Nge7 7. 0-0 d5 8. Re1 0-0 9. Rb1 d4 10. Ne2 b5 11. Bd2 h6 12. h3 e5 13. Nh2 Be6 14. Ra1 Qd7 15. h4 Bh3 16. f3 Bxg2 17. Kxg2 f5 18. a4 a6 19. Qc1 Kh7 20. Ng1 c4 21. Nh3 Qd6 22. Nf2 Rac8 23. axb5 axb5 24. Ra6 Qc5 25. h5 gxh5 26. exf5 Nxf5 27. Ne4 1/2-1/2

[Event "WchT Seniors 50"]
[Site "Radebeul"]
[Date "2016.06.27"]
[Round "2.3"]
[White "Kozlovskaya, Valentina"]
[Black "Trumpp, Lothar"]
[Result "1/2-1/2"]
[WhiteElo "2218"]
[BlackElo "2037"]
[PlyCount "134"]
[EventDate "2016.06.26"]
[EventType "team-swiss"]
[EventRounds "9"]
[EventCountry "GER"]
[SourceTitle "CBM 173 Extra"]
[Source "ChessBase"]
[SourceDate "2016.08.29"]
[SourceVersion "1"]
[SourceVersionDate "2016.08.29"]
[SourceQuality "1"]
[WhiteTeam "Russia (Women)"]
[BlackTeam "Offenbach"]
[WhiteTeamCountry "RUS"]
[BlackTeamCountry "GER"]

1. d4 Nc6 2. Nf3 e6 3. e4 d6 4. c4 e5 5. dxe5 dxe5 6. Qxd8+ Kxd8 7. a3 f6 8. Be3 Nce7 9. Nc3 c6 10. h3 Be6 11. 0-0-0+ Kc7 12. Be2 Nh6 13. g3 Nf7 14. Nd2 b6 15. f4 Rd8 16. f5 Bc8 17. c5 b5 18. b4 g6 19. g4 Bh6 20. Bxh6 Nxh6 21. h4 Nf7 22. Rdf1 Ng8 23. Nf3 Ne7 24. Ne1 gxf5 25. gxf5 Rhg8 26. Rfg1 Bd7 27. Nd1 Nh6 28. Nf2 Rdf8 29. Nc2 Be8 30. Ne3 Rxg1+ 31. Rxg1 Rg8 32. Rxg8 Nexg8 33. Kd2 Bf7 34. Nf1 Kd7 35. Ng3 Ke7 36. Bd1 Kd7 37. Nh3 Ke7 38. Ng5 Bc4 39. Nxh7 Nf7 40. Bh5 Ngh6 41. Bg6 Nh8 42. Nh5 Ng8 43. Ng7 Bf7 44. Bxf7 Nxf7 45. Ne6 Nfh6 46. Nhf8 Nf7 47. Ng6+ Ke8 48. Ng7+ Kd8 49. Nh5 Ke8 50. Ng3 Nfh6 51. Nf1 Ng4 52. Ke2 N4h6 53. Kf3 Nf7 54. Nd2 Ngh6 55. Nb3 Nd8 56. Na5 Kf7 57. h5 Ke8 58. Nh4 Kd7 59. Kg3 Ke8 60. Nf3 Kf7 61. Nh2 Kg7 62. Ng4 Nxg4 63. Kxg4 Kh6 64. Kh4 Kg7 65. Nb3 Nf7 66. Nd2 Ng5 67. Nb3 Nf7 1/2-1/2

[Event "Hessen-ch op-A"]
[Site "Floersheim"]
[Date "2016.05.07"]
[Round "6"]
[White "Mueller, Mark"]
[Black "Trumpp, Lothar"]
[Result "0-1"]
[WhiteElo "1938"]
[BlackElo "2046"]
[PlyCount "28"]
[EventDate "2016.05.05"]
[EventType "swiss"]
[EventRounds "7"]
[EventCountry "GER"]
[SourceTitle "EXT 2022"]
[Source "ChessBase"]
[SourceDate "2021.10.06"]
[SourceVersion "1"]
[SourceVersionDate "2021.10.06"]
[SourceQuality "1"]

1. e4 Nc6 2. d4 e5 3. Nf3 exd4 4. Nxd4 Bc5 5. Be3 Qf6 6. c3 Nge7 7. Bc4 Qg6 8. Qf3 Ne5 9. Qe2 Qxg2 10. Rf1 Bxd4 11. cxd4 Nf3+ 12. Kd1 Nxh2 13. Qh5 Nxf1 14. Qxf7+ Kd8 0-1

[Event "Heusenstamm Sparkassen op-A 2nd"]
[Site "Heusenstamm"]
[Date "2015.11.28"]
[Round "5"]
[White "Trumpp, Lothar"]
[Black "Foskanjan, Serschik"]
[Result "1-0"]
[WhiteElo "2049"]
[BlackElo "1911"]
[PlyCount "113"]
[EventDate "2015.11.26"]
[EventType "swiss"]
[EventRounds "7"]
[EventCountry "GER"]
[SourceTitle "EXT 2018"]
[Source "ChessBase"]
[SourceDate "2017.10.13"]
[SourceVersion "1"]
[SourceVersionDate "2017.10.13"]
[SourceQuality "1"]

1. Nc3 c5 2. Nf3 Nc6 3. e4 e6 4. a4 d5 5. d3 d4 6. Ne2 e5 7. Ng3 Nf6 8. Be2 Be7 9. 0-0 0-0 10. Nd2 Be6 11. b3 a6 12. Nc4 b5 13. Nd2 Qc7 14. Nf3 Rfc8 15. Ng5 Bd7 16. f4 Bd6 17. Nf5 Bxf5 18. fxe5 Bxe5 19. Rxf5 Bxh2+ 20. Kh1 Ne7 21. Rf1 Ng6 22. Bg4 Nxg4 23. Qxg4 f6 24. Qe6+ Kh8 25. Nf7+ Kg8 26. Ne5+ Kh8 27. Nxg6+ hxg6 28. Rf3 Bg3 29. Qh3+ Kg8 30. Qxg3 Qxg3 31. Rxg3 g5 32. axb5 axb5 33. Rb1 Ra2 34. Bb2 Rd8 35. Rf3 c4 36. dxc4 bxc4 37. bxc4 Ra4 38. Rd3 Rxc4 39. c3 Re8 40. Rxd4 Rxe4 41. Rbd1 Kf7 42. Rxc4 Rxc4 43. Rd7+ Kg6 44. Kg1 f5 45. Kf2 g4 46. Kg3 Kf6 47. Rd4 Rc6 48. Kf2 g5 49. Ke2 Rb6 50. Rd2 f4 51. c4+ Kf5 52. c5 Rb3 53. c6 f3+ 54. gxf3 gxf3+ 55. Kf2 g4 56. c7 g3+ 57. Kxg3 1-0

[Event "Heusenstamm Sparkassen op-A 2nd"]
[Site "Heusenstamm"]
[Date "2015.11.26"]
[Round "1"]
[White "Trumpp, Lothar"]
[Black "Lasschuit, Rene"]
[Result "1-0"]
[WhiteElo "2049"]
[BlackElo "1726"]
[PlyCount "61"]
[EventDate "2015.11.26"]
[EventType "swiss"]
[EventRounds "7"]
[EventCountry "GER"]
[SourceTitle "EXT 2018"]
[Source "ChessBase"]
[SourceDate "2017.10.13"]
[SourceVersion "1"]
[SourceVersionDate "2017.10.13"]
[SourceQuality "1"]

1. Nc3 d5 2. e4 dxe4 3. Nxe4 Bf5 4. Ng3 Bg6 5. Nf3 e6 6. h4 h6 7. Ne5 Bh7 8. Qf3 Qf6 9. Qxb7 Qxe5+ 10. Be2 Qd5 11. Bf3 Qxb7 12. Bxb7 Bxc2 13. Bxa8 c6 14. d3 Bb4+ 15. Bd2 Bxd2+ 16. Kxd2 Ba4 17. b3 Bb5 18. Bb7 Ne7 19. a4 Ba6 20. Bxa6 Nxa6 21. Ne4 Nf5 22. Rab1 Ke7 23. b4 Rb8 24. Kc3 Nc7 25. Kc4 Kd7 26. b5 cxb5+ 27. axb5 e5 28. Nc5+ Kc8 29. Na6 Nd6+ 30. Kc5 Ndxb5 31. Nxb8 1-0

[Event "Rhein Main op-A 18th"]
[Site "Bad Homburg"]
[Date "2015.06.04"]
[Round "2"]
[White "Trumpp, Lothar"]
[Black "Jansen, Dirk Norbert"]
[Result "1/2-1/2"]
[WhiteElo "2054"]
[BlackElo "2159"]
[PlyCount "132"]
[EventDate "2015.06.03"]
[EventType "swiss"]
[EventRounds "7"]
[EventCountry "GER"]
[SourceTitle "CBM 167 Extra"]
[Source "ChessBase"]
[SourceDate "2015.09.14"]
[SourceVersion "1"]
[SourceVersionDate "2015.09.14"]
[SourceQuality "1"]

1. e4 e6 2. d3 d5 3. g3 Nf6 4. Bg2 dxe4 5. dxe4 Qxd1+ 6. Kxd1 Bc5 7. f3 Nc6 8. Nd2 0-0 9. c3 Rd8 10. Kc2 b5 11. Bf1 Rb8 12. Be2 a5 13. Nf1 b4 14. Be3 Be7 15. Nd2 bxc3 16. bxc3 a4 17. Nh3 e5 18. Nf2 Be6 19. Nc4 Nd7 20. Rab1 Bc5 21. Rxb8 Rxb8 22. Bxc5 Nxc5 23. Rb1 Rxb1 24. Kxb1 g5 25. Kb2 h5 26. Ka3 f5 27. Ne3 f4 28. gxf4 exf4 29. Nd5 Bxd5 30. exd5 Ne5 31. Kb4 Ncd7 32. Kxa4 Nb6+ 33. Kb3 Nxd5 34. a4 Kf8 35. a5 Ke7 36. c4 Nf6 37. a6 Nc6 38. c5 Ke6 39. Bb5 Na7 40. Kc4 c6 41. Ba4 Nd7 42. Kd4 Nb8 43. Bb3+ Kf5 44. Bc2+ Ke6 45. Bg6 Nxa6 46. Bxh5 Nb5+ 47. Kc4 Nac7 48. Ne4 Kf5 49. Bg4+ Kg6 50. Bd7 Na7 51. h3 Nd5 52. Kb3 Nf6 53. Nxf6 Kxf6 54. Kb4 Ke7 55. Bg4 Kd8 56. Bf5 Nb5 57. Kc4 Ke7 58. Be4 Na7 59. Kd4 Ke6 60. Bd3 Nc8 61. Ke4 Ne7 62. Bc4+ Kf6 63. Ba6 Ke6 64. Bb7 Kf6 65. h4 gxh4 66. Kxf4 Ke6 1/2-1/2

[Event "Rhein Main op-A 18th"]
[Site "Bad Homburg"]
[Date "2015.06.03"]
[Round "1"]
[White "Ruell, Michael"]
[Black "Trumpp, Lothar"]
[Result "0-1"]
[WhiteElo "1749"]
[BlackElo "2054"]
[PlyCount "30"]
[EventDate "2015.06.03"]
[EventType "swiss"]
[EventRounds "7"]
[EventCountry "GER"]
[SourceTitle "CBM 167 Extra"]
[Source "ChessBase"]
[SourceDate "2015.09.14"]
[SourceVersion "1"]
[SourceVersionDate "2015.09.14"]
[SourceQuality "1"]

1. e4 Nc6 2. Nf3 Nf6 3. e5 Ng4 4. d4 d6 5. h3 Nh6 6. Bxh6 gxh6 7. e6 fxe6 8. Bb5 a6 9. Ne5 dxe5 10. Qh5+ Kd7 11. dxe5 axb5 12. Nc3 Nd4 13. 0-0-0 c5 14. Ne4 Rxa2 15. Qf3 Ra1+ 0-1